000 00357pab a2200145 454500
008 180718b1998 xxu||||| |||| 00| 0 eng d
100 _aBardhan, Pranab
245 _aReflections on Amartya Sen's prize
260 _c1998
300 _ap.2863-864
362 _a7 Nov
650 _aSen, Amartya
773 _aEconomic and Political Weekly
909 _a39264
999 _c39264
_d39264